000 00223nam a22000857a 4500
008 160916b xxu||||| |||| 00| 0 eng d
100 _9592
_aKumar.K.A.etal
245 _aScience-6
260 _aNew Delhi
_bS. Chand Publications
_c2007
999 _c3248
_d3248